000 00771nam a2200205 a 4500
008 081104s1998 ||||||||||||||||| || u
020 _a0821343335
050 _aIBRD(08)TP
100 _aFrancis, Paul A
245 1 0 _aHard lessons: primary schools, community, and social capital in Nigeria
260 _aWashington, D.C.
_bWorld Bank
_c1998
300 _axv, 66p.:ill.
350 _a0.00
490 _aWorld Bank Technical Papers
650 _aEDUCATIONAL SURVEYS--NIGERIA
650 _aEDUCATION, ELEMENTARY--NIGERIA--EVALUATION
650 _aCOMMUNITY AND SCHOOL--NIGERIA
710 _aWorld Bank
995 _D0.00
_FCBU-MAIN LIBRARY (Kitwe)
_H1
_I0.00
_M420
_UAVAILABLE
_WNov 4, 2008
_ZInternational Publications
999 _c45367
_d45367